000 02455nam a2200481Ia 4500
001 dia_1973
003 CHAP
005 20250729114342.0
007 ta
008 220117s2010 mx abdof 001 0 spa d
040 _amxchpua
_cCHAP
090 _aT.C.533
_bM45 SAI
_c2010
245 1 0 _aReporte de viaje de estudio en la península de Yucatán /
_ccoordinadores Amilcar Renan Mejenes Quijano y Félix Esparza Torres ; colaboradores Itzel Bonilla Marín...[y otros]
260 _aMéxico :
_bEl autor,
_c2010
300 _a91 hojas :
_bilustraciones, tablas, mapas, gráficas, diagramas, fotos
336 _2rdacontent
_atexto
_btxt
337 _2rdamedia
_ano mediado
_bn
338 _2rdacarrier
_avolumen
_bnc
500 _aGrado: 6° año Grupo: 02 Directorio: hojas 90-91
502 _aViaje de Estudios
_b(SAI) --
_cUACh. Departamento de Ingeniería Agroindustrial,
_d2010
504 _aBibliografía : hojas 88-89
505 0 0 _tEmpresas visitadas: -- 1.SAGARPA -- 2.FIRA Campeche -- 3.FIRA Escárcega -- 4.INIFAP, Campo Experimental Edzná -- 5.INIFAP, Campo Quintana Roo -- 6.Laguna Blanca, S. P. R. de R. L. -- 7.ARIC Frigorífico de Campeche de S. D. R. L. -- 8.Hidroponia Maya S. A. de C. V. -- 9.Quesos La Guadalupana -- 10.Apicultores Maya de Maní, S. C. de R. L. -- 11.Miel y cera de Campeche -- 12.Tropical Forest Honey Company
650 1 3 _aArroz
_9153042
_zMéxico
_zTabasco
650 1 0 _aIndustria de productos agrícolas
_zMéxico
_zYucatán
_9157103
650 1 3 _aIndustria del ganado y de la carne
_9159442
_zMéxico
_zCampeche
650 1 3 _aIndustria quesera
_9159517
_zMéxico
_zCampeche
650 1 3 _aMiel y productos fabricados por abejas
_9143229
650 1 3 _aLivestock and meat industry
_9159443
_zMexico
_zCampeche
650 1 3 _aRice
_9153045
_zMexico
_zTabasco
650 1 3 _aHorticultural products industry
_9158007
_zMexico
_zYucatán
650 1 3 _aHoney and bee products
_9147739
650 1 3 _aCheese industry
_x
_9159516
_zMexico
_zCampeche
700 1 _aEsparza Torres, Félix
_9154340
_ecoordinador
700 1 _aMejenes Quijano, Amilcar Renán
_9147387
_ecoordinador
700 1 _aBonilla Marín, Itzel
_9159518
_ecolaboradora
856 4 2 _uhttp://10.13.5.2/ve/TC533SAI/TC533SAI2010-REPORTE.pdf
_yDESCARGAR REPORTE
901 _aT.C.533 M45 SAI 2010
902 _aA
905 _a5232272010 mx dinl8223223322spa16
942 _2local
942 _cVE
999 _c176779
_d176779